A short history of the firm of Willoughby and Sons (established 1845) (Record no. 88369)

MARC details
000 -LEADER
fixed length control field 00691cam a2200217 4500
001 - CONTROL NUMBER
control field D9911
008 - FIXED-LENGTH DATA ELEMENTS--GENERAL INFORMATION
fixed length control field 080124s1984 xxk c e 00 deng
035 ## - SYSTEM CONTROL NUMBER
System control number (Sirsi) u23270
041 ## - LANGUAGE CODE
Language code of text/sound track or separate title eng
050 04 - LIBRARY OF CONGRESS CALL NUMBER
Classification number 920 $2 18
100 1# - MAIN ENTRY--PERSONAL NAME
Personal name Willoughby, Joan
245 02 - TITLE STATEMENT
Title A short history of the firm of Willoughby and Sons (established 1845)
Form [typescript]
260 ## - PUBLICATION, DISTRIBUTION, ETC.
Place of publication, distribution, etc. Bournemouth
Name of publisher, distributor, etc. Joan Willoughby
Date of publication, distribution, etc. [1984]
300 ## - PHYSICAL DESCRIPTION
Extent 8 leaves
Other physical details ill.
Dimensions 30cm.
520 ## - SUMMARY, ETC.
Summary, etc. Provides a history of the firm, as well as some biographical information on staff members.
610 24 - SUBJECT ADDED ENTRY--CORPORATE NAME
Corporate name or jurisdiction name as entry element Willoughby and Sons
9 (RLIN) 5492
651 #4 - SUBJECT ADDED ENTRY--GEOGRAPHIC NAME
Geographic name England
Chronological subdivision 886-
690 ## - LOCAL SUBJECT ADDED ENTRY--TOPICAL TERM (OCLC, RLIN)
Topical term or geographic name as entry element ABOUT RICS-RICS MEMBERS
942 ## - ADDED ENTRY ELEMENTS (KOHA)
Suppress in OPAC 0
948 ## - LOCAL PROCESSING INFORMATION (OCLC); SERIES PART DESIGNATOR (RLIN)
c (OCLC) 04/03/1997
Holdings
Withdrawn status Lost status Source of classification or shelving scheme Damaged status Not for loan Home library Current library Shelving location Date acquired Total Checkouts Full call number Barcode Date last seen Copy number Price effective from Koha item type
    Dewey Decimal Classification     London London Reference copy 14/09/1999   920 WIL 30001756 06/08/2019 1 06/08/2019 Book